KOHA-Header-6

Ordinary differential equations (Record no. 7071)

000 -LEADER
fixed length control field 00254nam a2200109Ia 4500
100 ## - MAIN ENTRY--AUTHOR NAME
Personal name W. Bolton
245 #0 - TITLE STATEMENT
Title Ordinary differential equations
260 ## - PUBLICATION, DISTRIBUTION, ETC. (IMPRINT)
Place of publication USA
Name of publisher Dorling
Year of publication 1999
300 ## - PHYSICAL DESCRIPTION
Number of Pages 184
942 ## - ADDED ENTRY ELEMENTS (KOHA)
Koha item type Books
Holdings
Withdrawn status Lost status Collection code Permanent Location Current Location Shelving location Date acquired Full call number Accession Number Koha item type
    Mathematics MAJU MAJU Shelf No.A26 2019-09-12 954.9 697 Mathematics

Powered by Koha